|
|
|
|
| LEADER |
00000cas a2200000 a 4500 |
| 001 |
si3037 |
| 003 |
Ucuenca |
| 005 |
20230308222414.0 |
| 008 |
008030| ||||||||r|||||||||||spa|| |
| 040 |
|
|
|b spa
|
| 041 |
1 |
|
|a spa
|
| 082 |
0 |
|
|a 050
|b T368a
|
| 245 |
|
|
|a Avance
|c Rolando Tello Espinosa
|h imp
|
| 264 |
|
|
|a Cuenca
|b Gráficas Hernández
|c Febrero 208
|
| 300 |
|
|
|a 33 páginas:
|b ilu
|c 21 cm
|
| 362 |
|
|
|a no. 195 (febrero de 2008)
|
| 504 |
|
|
|a incl. ref.
|
| 650 |
1 |
|
|a Revista avance
|9 174979
|
| 700 |
|
|
|a Tello Espinosa, Rolando
|e director
|9 4949
|
| 852 |
|
|
|a UC-CDJBV
|f Donación
|l 1
|m General
|p 20080303
|q 1,00
|r 2
|t si3037
|b 0
|d CDRC
|e CDRC
|g 050 T368a TERCER PISO (SECCION REVISTAS)
|z 2008-80-30
|
| 942 |
|
|
|c SER
|
| 999 |
|
|
|c 140765
|d 140765
|